ALICE'S ADVENTURES IN WORLDLAND / (Record no. 198537)

MARC details
000 -LEADER
fixed length control field 00551nam a22001817a 4500
005 - DATE AND TIME OF LATEST TRANSACTION
control field 20230925131812.0
010 ## - LCCN (DPL NO)
LC control number B-755810
020 ## - INTERNATIONAL STANDARD BOOK NUMBER
International Standard Book Number 9789382657668
035 ## - SYSTEM CONTROL NUMBER
System control number B-755810
082 ## - DEWEY DECIMAL CLASSIFICATION NUMBER
Edition number 2022
100 ## - MAIN ENTRY--PERSONAL NAME
Personal name CARROL , LEWIS
245 ## - TITLE STATEMENT
Title ALICE'S ADVENTURES IN WORLDLAND /
Statement of responsibility, etc LEWIS CARROL
260 ## - PUBLICATION, DISTRIBUTION, ETC. (IMPRINT)
Place of publication, distribution, etc NEW DELHI
Name of publisher, distributor, etc VAIBHAV PUBLICATIONS
Date of publication, distribution, etc 2022
270 ## - ADDRESS
Address 24/4806, ANSARI ROAD , DARYA GANJ
City NEW DELHI
Postal code 110002
300 ## - PHYSICAL DESCRIPTION
Extent 82P.
Other physical details 23CM(HB)
942 ## - ADDED ENTRY ELEMENTS (KOHA)
Source of classification or shelving scheme Dewey Decimal Classification
Item type English Books
Edition 2022
Classification part N
Call number suffix ROL
Holdings
Withdrawn status Lost status Not for loan Collection code Home library Current library Date acquired Source of acquisition Cost, normal purchase price Full call number Barcode Copy number Cost, replacement price Koha item type
      Fiction Ashok Vihar Ashok Vihar 25/09/2023 उपहार/4.9.23 250.00 N ROL B-755810 1 250.00 English Books

© Delhi Public Library
Hit Counter
free hit counter